| 000 | 00584nam a2200229Ia 4500 | ||
|---|---|---|---|
| 003 | OSt | ||
| 005 | 20220928103900.0 | ||
| 006 | a|||||r|||| 00| 0 | ||
| 007 | ta | ||
| 008 | 220927b |||||||| |||| 00| 0 eng d | ||
| 024 | _a47699 | ||
| 037 | _cTextual | ||
| 040 |
_aSDCL _cSDCL _beng |
||
| 041 |
_2eng _aeng |
||
| 082 | _aQ6.1'N, L3 | ||
| 100 |
_aWard Hiley h _9407479 |
||
| 245 | 0 | _aReligion 2101 A.D. | |
| 260 |
_aNew York _b Doubleday & Company _c1973 |
||
| 300 |
_a247p. _ccm. |
||
| 942 |
_hQ6.1'N, L3 _cTEXL _2CC |
||
| 999 |
_c722994 _d722994 |
||